| 000 | 00567nam a22001457a 4500 | ||
|---|---|---|---|
| 020 | _a81-7130-230-0 | ||
| 082 |
_a823 _bURO/U |
||
| 100 | _aOROOB | ||
| 245 | _aUMMACHU | ||
| 260 |
_aKOTTAYAM _bDC BOOKS _c2022 |
||
| 300 | _a200 | ||
| 520 | _aUmmachu is in love with Mayan, her childhood friend. But much to her dislike, she is married to a rich, but timid Beeran making her marriage unhappy. Mayan manhandles the old man, the 'village historian,' who is supposed to have been instrumental in conducting Ummachu's marriage with Beeran. | ||
| 650 | _aNOVEL | ||
| 942 | _cBK | ||
| 999 |
_c6804 _d6804 |
||